Top 20 Fiumi più lunghi del mondo - Statistics

Statistiche generali
  • Questo quiz è stato fatto 130 volte
  • Il punteggio medio è 9 su 20
Statistiche sulle risposte
Lunghezza (km) Nazioni nel bacino idrografico Fiume % Corretto
6 853 Etiopia, Eritrea, Sudan, Uganda, Tanzania, Kenya, Ruanda, Burundi, Egitto, Repubblica Democratica del Congo, Sudan del Sud. Nilo
98%
6 992 Brasile, Perù, Bolivia, Colombia, Ecuador, Venezuela Rio delle Amazzoni
91%
3 645 Russia Volga
80%
5 464 Cina Fiume Giallo
79%
6 418 Cina Fiume Azzurro
74%
3 778 Stati Uniti, Canada Mississippi-Missouri-Jefferson
61%
4 371 Repubblica Democratica del Congo, Repubblica Centrafricana, Angola, Repubblica del Congo, Tanzania, Camerun, Zambia, Burundi, Ruanda Congo
60%
3 596 Iraq, Turchia, Iran, Siria Shatt al-'Arab-Arvandrud-Eufrate
57%
4 167 Nigeria, Mali, Niger, Algeria, Guinea, Camerun, Burkina Faso, Costa d'Avorio, Benin, Ciad Niger
56%
5 410 Russia, Kazakistan, Cina Ob'-Irtyš
52%
4 880 Laos, Thailandia, Cina, Cambogia, Vietnam, Myanmar Mekong
51%
3 998 Brasile, Argentina, Paraguay, Bolivia, Uruguay Paranà
39%
4 444 Russia, Cina, Mongolia Amur-Argun'
28%
4 400 Russia Lena
25%
3 750 Australia Murray-Darling
22%
4 506 Russia, Mongolia Enisej-Angara-Selenga
20%
4 022 Canada Mackenzie-Peace-Finlay
19%
3 184 Stati Uniti, Canada Yukon
19%
3 239 Brasile, Bolivia, Perù Madeira-Mamoré
6%
3 379 Brasile, Perù Purus
4%
Nessun quiz corrispondente trovato
Distribuzione punteggi
Percentuale di utenti per punteggio
Percentile per numero di risposta
I tuoi punteggi nel tempo
Non hai fatto questo quiz